000 00783nam a2200241 a 4500
001 000023532
005 20200930022303.0
008 101210s1997 sp 000 0 spa d
020 _a8437615615
040 _aDO-SdBNP
_bspa
_cBNPHU
082 _a808
_bS187f
100 1 _aSamaniego, Félix M.
_948505
245 1 0 _aFábulas /
_cFélix M. Samaniego ; edición Alfonso I. Sotelo.
260 _aMadrid :
_bCátedra,
_c1997.
300 _a523 p. ;
_c21 cm.
490 1 _aLetras hispánicas.
_v431
505 0 _aIncluye notas y referencias bibliográficas al pie de las páginas.
650 4 _aFábulas-colecciones
_948506
650 4 _aAnimales-cuentos y leyendas
_948507
700 1 _aSotelo, Alfonso I.,
_eed.
_948508
830 0 _aLetras hispánicas
_v431
_94208
049 _aBNGR
999 _c23028
_d23028